Fundamentos de psicología social /

La obra abarca una exhaustiva investigación, con el objetivo de ampliar la documentación bibliográfica para los estudiantes de los Cursos Básicos de Psicología Social, de acuerdo con el programa establecido.

Bibliographic Details
Main Author: Casales Fernández, Julio César
Format: Libro
Language:Spanish
Published: La Habana Universitaria Félix Varela 2012
Subjects:
Online Access:

MARC

LEADER 00000cam a2200000 a 4500
001 003629
003 UAHC_CL
005 20170803115946.0
008 170605s2012 cu 000 spa
020 |a 9789590716645 
040 |a UAHC_CL  |c UAHC_CL  |d UAHC_CL 
082 0 4 |a 302  |b C334  |2 20 
100 1 |a Casales Fernández, Julio César 
245 1 0 |a Fundamentos de psicología social /  |c Julio César Casales Fernández. 
260 |b Universitaria Félix Varela  |a La Habana  |c 2012 
300 |a 345 p. 
520 |a La obra abarca una exhaustiva investigación, con el objetivo de ampliar la documentación bibliográfica para los estudiantes de los Cursos Básicos de Psicología Social, de acuerdo con el programa establecido. 
650 4 |a PSICOLOGIA SOCIAL 
650 4 |a PSICOLOGIA SOCIAL  |x INVESTIGACIONES 
653 |a TRABAJO SOCIAL 
900 |a 302 CAS 
942 |c BK 
952 |0 0  |1 0  |4 0  |6 302_000000000000000_CAS  |7 0  |8 General  |9 8105  |a BC  |b BC  |c General  |d 2017-08-03  |l 1  |m 2  |o 302 CAS  |p 1440373  |r 2026-01-07 00:00:00  |s 2020-01-07  |t 1  |w 2017-08-03  |y BK 
999 |c 3629  |d 3629